Q Without U Geography - Statistics

General Stats
  • This quiz has been taken 29 times
  • The average score is 3 of 8
Answer Stats
Hint Answer % Correct
Qatar
97%
Countries Iraq
66%
Qingdao
38%
1M+ (urban area) population city in Iran Qom
38%
Capital of Nunavut, Canada Iqaluit
28%
5M+ (urban area) population cities in China Chongqing
21%
Urumqi
14%
Capital of Kujalleq, Greenland; contains 3 Q's and no U's Qaqortoq
3%
No matching quizzes found
Score Distribution
Percent of People with Each Score
Percentile by Number Answered
Your Score History
You have not taken this quiz